01020nas a2200289 4500001001300000003000900013005001700022007000300039008003400042040005400076041000900130072000800139100001700147100002300164100002100187100001900208100001800227245005800245650001700303650001800320650002400338773012800362909004000490942001800530999001900548952016300567BR2020000219BR-BrBNA20231205132058.0ta230509b bl.|||p| |||| 00| 00por d aBR-BrBNAbporcBiblioteca Nacional de Agricultura a(Pt) aM401 aPessoa, V.T.1 aMelo, P.A.M. de C.1 aPorto Neto, F.F.1 aLeitão, S.N.1 aHazin, F.H.V.1 aZooplâncton de barra de jangada, Pernambuco, Brasil aPOLUIÇÃO aZOOPLÂNCTON aQUALIDADE DA ÁGUA0 tRevista Brasileira de Engenharia de Pesca (Brazil)xISSN 1980-587Xg(Sep 2008), v. 3(special number) p. 39-43wBR2020000219 a202311bLúciac55dLúcia Elande 2AGRISn0cANA c258343d258343 002AGRIS4071a41918b41918cPeriódicos Agrícolash(Sep 2008), v. 3(special number) p. 39-43l0r2023-11-29t01yCRePortaria Interministerial nº 164/94